000 00411pab a2200145 454500
008 180718b1988 xxu||||| |||| 00| 0 eng d
100 _aMainwaring, Scott
245 _aPolitical parties and democratisation in Brazil and the Southern Cone (Review Article)
260 _c1988
300 _a91-120
362 _aOct.
650 _aPolitical Parties - Brazil
773 _aComparative Politics
909 _a15293
999 _c15293
_d15293